00975nam a22002657a 450000500170000001000130001702000220003003500130005203700160006504000120008108200180009310000280011124500860013926000570022527000420028230000240032449000630034850000330041165000380044465000230048270000330050594200270053899900190056595201250058420170124110146.0 aB-190411 c00.00a0070599335 aB-190411 bCen Lib/Ret aDPLbEN a621.3815bSIC aSicard, Etienne 933449 aBasics of CMOS cell desighn book /cby Etienne Sicard [and] Sonia Delmas Bendhia  aNew Delhic2006bTata McGraw-Hill Publishing Co. Ltd bNew Delhie110063a7 West patel nagar axiv,427p.c22cm(Hb) aTata McGraw-Hill Professional : Cmos circuit design series aIncludes glossary and index  aMOS devices and technology933450 aArthmetics 933451 aBendhia, Sonia Delmas933452 2ddccENh621.3815mSIC c132005d132005 00104070aLbLd2015-07-16eCen Lib/Retg0.00l0o621.3815 SICpB-190411r2015-07-16 00:00:00t1v0.00w2015-07-16yEN